[Event "Titled Tuesday intern op 15th June"]
[Site "Chess.com INT"]
[Date "2021.06.15"]
[Round "8"]
[White "Zemach, Roee"]
[Black "Shahade, Gregory P"]
[Result "0-1"]
[WhiteElo "2275"]
[BlackElo "2476"]
[PlyCount "90"]
[EventDate "2021.06.15"]
[EventType "swiss (blitz)"]
[EventRounds "11"]
[EventCountry "USA"]
[SourceTitle "CBM 203 Extra"]
[Source "ChessBase"]
[SourceDate "2021.09.30"]
[SourceVersion "1"]
[SourceVersionDate "2021.09.30"]
[SourceQuality "1"]

1. d4 Nf6 2. c4 g6 3. g3 Bg7 4. Bg2 d5 5. cxd5 Nxd5 6. Nf3 Nb6 7. 0-0 Nc6 8. e3 0-0 9. Nc3 Re8 10. Nh4 a5 11. f4 a4 12. Nf3 Be6 13. Re1 Nd5 14. Nxd5 Qxd5 15. e4 Bxd4+ 16. Kh1 Qc5 17. Nxd4 Qxd4 18. Be3 Qxd1 19. Rexd1 Red8 20. a3 Bb3 21. Rxd8+ Rxd8 22. e5 Bd5 23. Rc1 Bxg2+ 24. Kxg2 Rd3 25. Kf2 Rb3 26. Rc2 Kf8 27. Ke2 Ke8 28. Bf2 h5 29. Rd2 e6 30. Bc5 b6 31. Bf2 Ne7 32. Rc2 Nd5 33. Bg1 Kd7 34. Bf2 c5 35. Bg1 Kc6 36. Bf2 h4 37. Rd2 b5 38. Rc2 c4 39. Rd2 c3 40. bxc3 Rxc3 41. Bd4 Rxa3 42. Rc2+ Kb7 43. Rc5 Rb3 44. gxh4 Nxf4+ 45. Kd2 Rd3+ 0-1

[Event "Titled Tuesday intern op 25th May"]
[Site "Chess.com INT"]
[Date "2021.05.25"]
[Round "4"]
[White "Skuhala, Barbara"]
[Black "Zemach, Roee"]
[Result "1-0"]
[WhiteElo "2077"]
[BlackElo "2235"]
[PlyCount "89"]
[EventDate "2021.05.25"]
[EventType "swiss (blitz)"]
[EventRounds "11"]
[EventCountry "USA"]
[SourceTitle "CBM 203 Extra"]
[Source "ChessBase"]
[SourceDate "2021.09.30"]
[SourceVersion "1"]
[SourceVersionDate "2021.09.30"]
[SourceQuality "1"]

1. e4 e5 2. Nf3 Nc6 3. d4 exd4 4. Nxd4 Nf6 5. Nc3 Bb4 6. Nxc6 bxc6 7. Bd3 d5 8. exd5 0-0 9. 0-0 cxd5 10. Bg5 c6 11. h3 h6 12. Bh4 Be6 13. a3 Be7 14. b4 a5 15. b5 c5 16. a4 c4 17. Be2 d4 18. Bxf6 Bxf6 19. Ne4 Be7 20. Bf3 Rc8 21. Re1 Qb6 22. Qe2 Rfd8 23. Red1 f5 24. Ng3 Bf6 25. Nh5 Bf7 26. Nxf6+ Qxf6 27. Rab1 Qb6 28. Qe5 Rc5 29. Qf4 d3 30. cxd3 cxd3 31. Rd2 Rc2 32. Rbd1 Rxd2 33. Rxd2 Be6 34. Bc6 Kf7 35. g4 Rd4 36. Qf3 g6 37. Rxd3 Rxd3 38. Qxd3 fxg4 39. hxg4 Bxg4 40. Qe4 Be6 41. Qf4+ Kg7 42. Qd6 Kf6 43. Qf8+ Ke5 44. Qxh6 Qd4 45. Qg7+ 1-0

[Event "Titled Tuesday intern op 18th May"]
[Site "Chess.com INT"]
[Date "2021.05.18"]
[Round "2"]
[White "Vujnovic, Patricija"]
[Black "Zemach, Roee"]
[Result "1-0"]
[WhiteElo "2129"]
[BlackElo "2235"]
[PlyCount "117"]
[EventDate "2021.05.18"]
[EventType "swiss (blitz)"]
[EventRounds "11"]
[EventCountry "USA"]
[SourceTitle "CBM 202 Extra"]
[Source "ChessBase"]
[SourceDate "2021.07.31"]
[SourceVersion "1"]
[SourceVersionDate "2021.07.31"]
[SourceQuality "1"]

1. d4 Nf6 2. c4 e6 3. Nc3 Bb4 4. e3 0-0 5. Bd3 d5 6. a3 Be7 7. Nf3 b6 8. 0-0 Bb7 9. b3 Nbd7 10. Bb2 Ne4 11. Ne2 Ndf6 12. Rc1 c5 13. Rc2 cxd4 14. Nexd4 dxc4 15. Bxc4 Rc8 16. Qe2 Nd5 17. Re1 Bf6 18. h3 g6 19. Rec1 Qe7 20. Ba6 Rxc2 21. Rxc2 Nc5 22. Bxb7 Qxb7 23. Rc1 e5 24. b4 Na4 25. Nc6 Nxb2 26. Qxb2 e4 27. Nfd4 Bg7 28. b5 h5 29. Qb3 Qd7 30. Qxd5 Qxd5 31. Ne7+ Kh7 32. Nxd5 Rd8 33. Nb4 Bxd4 34. exd4 Rxd4 35. Rc7 Rd1+ 36. Kh2 Rd2 37. Rxf7+ Kg8 38. Rf4 Re2 39. Nc6 Ra2 40. Rxe4 Rxa3 41. Re8+ Kf7 42. Re7+ Kf6 43. Rxa7 Rb3 44. Nd4 Ke5 45. Nxb3 Kd5 46. Rg7 Kc4 47. Rxg6 Kxb3 48. Rg5 h4 49. g3 Kb4 50. gxh4 Ka5 51. h5 Kb4 52. h6 Ka5 53. h7 Kb4 54. h8Q Ka5 55. Qc3+ Ka4 56. Rg4+ Kxb5 57. Qc4+ Ka5 58. Rg5+ b5 59. Qxb5# 1-0

[Event "Titled Tuesday intern op 11th May"]
[Site "Chess.com INT"]
[Date "2021.05.11"]
[Round "4"]
[White "Arabidze, Meri"]
[Black "Zemach, Roee"]
[Result "1-0"]
[WhiteElo "2436"]
[BlackElo "2235"]
[PlyCount "81"]
[EventDate "2021.05.11"]
[EventType "swiss (blitz)"]
[EventRounds "11"]
[EventCountry "USA"]
[SourceTitle "CBM 202 Extra"]
[Source "ChessBase"]
[SourceDate "2021.07.31"]
[SourceVersion "1"]
[SourceVersionDate "2021.07.31"]
[SourceQuality "1"]

1. Nf3 Nf6 2. d4 d5 3. c4 e6 4. g3 dxc4 5. Bg2 a6 6. 0-0 Nc6 7. e3 Rb8 8. Qe2 b5 9. b3 cxb3 10. axb3 Bb7 11. Bb2 Be7 12. Nbd2 0-0 13. Rfc1 Bb4 14. Rc2 Qe7 15. Rac1 Qd6 16. Ne5 Bxd2 17. Rxd2 Ne7 18. e4 Qb6 19. Rdc2 c6 20. Nd3 Rfd8 21. Nc5 Nd7 22. Ba3 b4 23. Bb2 Nxc5 24. Rxc5 a5 25. h4 Ba6 26. Qe3 Bb5 27. h5 a4 28. bxa4 Bxa4 29. h6 g6 30. Qg5 Kf8 31. Qf6 Ng8 32. Qg7+ Ke7 33. d5 cxd5 34. exd5 exd5 35. Qxh7 Nf6 36. Qg7 Ne4 37. Bxe4 dxe4 38. h7 Rh8 39. Qe5+ Qe6 40. Rc7+ Ke8 41. Qxh8# 1-0